| 000 | 01463nam a2200289 a 4500 | ||
|---|---|---|---|
| 001 | 74217 | ||
| 003 | BD-RjUL | ||
| 005 | 20211209082520.0 | ||
| 008 | 180404s2017 bg ||||| |||| 00| 0 ben d | ||
| 020 |
_a9789849240211 _c: Tk. 450.00 |
||
| 035 | _a(BD-RjUL)74435 | ||
| 040 |
_aBD-RjUL _bben _cBD-RjUL _dBD-RjUL |
||
| 041 | _aben | ||
| 082 |
_a954.9204 _bKHO 2017 _223 |
||
| 100 | 1 |
_aখান, আতাউর রহমান _9119519 |
|
| 245 | 1 |
_aওজারতির দুই বছর : _bমুখ্যমন্ত্রিত্বের দিনগুলি ১৯৫৬-৫৮ / _cআতাউর রহমান খান |
|
| 250 | _a১ম প্রথমা সং. | ||
| 260 |
_aঢাকা : _bপ্রথমা প্রকাশন, _c২০১৭ |
||
| 300 |
_a২৫৪ পৃ. ; _c২২ সেমি. |
||
| 490 |
_aসমাজ-ইতিহাস গ্রন্থমালা : _v১ |
||
| 651 |
_a বাংলাদেশ _xরাজনীতি এবং সরকার। _y১৯৫৬-১৯৫৮ খ্রিষ্টাব্দ _9248627 |
||
| 651 |
_aBangladesh _xPolitics and government. _y1956-1958 A. D _9248628 |
||
| 651 |
_aবাংলাদেশ _xইতিহাস _y১৯৫৬-১৯৫৮ খ্রিষ্টাব্দ _9248629 |
||
| 651 |
_aBangladesh _xHistory _y1956-1958 A. D _9248630 |
||
| 830 |
_aসমাজ-ইতিহাস গ্রন্থমালা : _v১ _9248626 |
||
| 942 |
_2ddc _cBK |
||
| 999 |
_c74217 _d74217 |
||